|
|
|
|
| LEADER |
01089nam a2200289 a 4500 |
| 001 |
4068 |
| 003 |
BD-DhAAL |
| 005 |
20150315091751.0 |
| 008 |
150315s1995 enka 001 0 eng |
| 010 |
|
|
|a 94029855
|
| 020 |
|
|
|a 0077076176 :
|c £21.95
|
| 040 |
|
|
|a DLC
|c DLC
|d DLC
|d BD-DhAAL
|
| 050 |
0 |
0 |
|a HD61
|b .E15 1995
|
| 082 |
0 |
0 |
|a 658.15/0285/5369
|2 20
|
| 100 |
1 |
|
|a Eales, Brian Anthony.
|9 9594
|
| 245 |
1 |
0 |
|a Financial risk management /
|c Brian A. Eales.
|
| 260 |
|
|
|a London ;
|a New York :
|b McGraw-Hill Book Co.,
|c c1995.
|
| 300 |
|
|
|a xiii, 278 p. :
|b ill. ;
|c 25 cm. +
|
| 500 |
|
|
|a Includes index.
|
| 538 |
|
|
|a System requirements for accompanying computer disk: IBM PC and compatibles; DOS formatted.
|
| 541 |
|
|
|e 4068
|
| 650 |
0 |
0 |
|a Financial risk management
|x Data processing.
|9 9595
|
| 650 |
0 |
0 |
|a Corporations
|x Finance
|x Data processing.
|9 9596
|
| 650 |
|
0 |
|a Electronic spreadsheets.
|9 9597
|
| 942 |
|
|
|2 ddc
|c BK
|
| 999 |
|
|
|c 34026
|d 34026
|
| 952 |
|
|
|0 0
|1 0
|2 ddc
|4 0
|6 658_150285536900000_EAL
|7 0
|9 53106
|a SCL
|b SCL
|c GEN
|d 2015-03-15
|l 0
|o 658.1502855369 EAL
|p 3020004068
|r 2015-03-15
|t 1
|w 2015-03-15
|y BK
|